00981nam a2200217 a 450000100100000000500170001000800410002704000250006808200160009310000260010924501320013526000440026730000210031149000500033259000750038270000360045783000570049304900090055095201870055999900170074600003503120200930074047.0111024s1912 sp 000 0 spa d aDO-SdBNPbspacBNPHU axxxxbR112o1 aRabasa, Emilio96066013aLa organización política de México :bla constitución y la dictadura /cEmilio Rabasa ; prólogo de Don Rodolfo Reyes. aMadrid :bEditorial América,c[1912]. a358 p. ;c19 cm.1 aBiblioteca de ciencias políticas y sociales aPerteneció a la biblioteca personal de Juan Isidro Jimenes Grullón1 aReyes, Rodolfo,epról.960661 0aBiblioteca de ciencias políticas y sociales960135 aBNGR 001050718MOaGRbGRcCTd2011-10-24iLF1l0oxxxx R112op35031-10r2020-06-25w2020-06-25y1zPerteneció a la biblioteca personal de Juan Isidro Jimenes -GrullónZNo se presta c34522d34522